000 00434nam a2200157Ia 4500
008 240729s9999 xx 000 0 und d
022 _a2320-1525
245 0 _aHealthline
260 _aIndia
260 _bIndian Association of Preventive and Social Medicine
650 _a Public aspects of medicine
650 _aMedicine
856 _uhttps://doaj.org/toc/f0ede7135ded47f4b32fc276f12061d5
942 _2ddc
942 _cDOAJEJ
999 _c69721
_d69721
945 _a1
_bMadushi Gamage
_c1
_dMadushi Gamage